Asian Food by Images A-Z - Statistics

General Stats
  • This quiz has been taken 15 times
  • The average score is 6 of 25
Answer Stats
Picture Answer % Correct
Bibimbap
79%
Naan
79%
Onigiri
79%
Wasabi
79%
Egg Drop Soup
64%
Tteokbokki
50%
Xiaolongbao
36%
Adobo
29%
Dosa
29%
Chilli Crab
21%
Fattoush
21%
Hainanese Chicken Rice
21%
Vindaloo
21%
Lahmacun
14%
Sinigang
14%
Ghormeh Sabzi
0%
Iskender Kebab
0%
Joshpara
0%
Khachapuri
0%
Morkovcha
0%
Plov
0%
Ruz Bukhari
0%
Urap
0%
Yakhni
0%
Zereshk Polo
0%
No matching quizzes found
Score Distribution
Percent of People with Each Score
Percentile by Number Answered
Your Score History
You have not taken this quiz